[Event "4NCL/Div4/SUTC vs. ATH1"]
[Site "Nottingham ENG"]
[Date "2007.03.24"]
[Round "7.5"]
[White "Stepanyan, Henrik"]
[Black "McLaughlin, Noel"]
[Result "0-1"]
[WhiteElo "1825"]
[BlackElo "1955"]
[PlyCount "64"]
[EventDate "2007.03.24"]
[EventType "team"]
[EventRounds "11"]
[EventCountry "ENG"]
[WhiteTeam "Sutton Coldfield"]
[BlackTeam "Athenaeum 1"]

1. c4 f5 2. Nc3 Nf6 3. Nf3 g6 4. e3 Bg7 5. d4 d6 6. Be2 O-O 7. O-O Qe8 8. Re1
e5 9. Qb3 e4 10. Nd2 c6 11. d5 Na6 12. dxc6 bxc6 13. Qa3 c5 14. Nb5 Qc6 15. Nb3
Nb4 16. Na5 Qb6 17. Qa4 a6 18. Qb3 Qxa5 19. Nxd6 Nc2 20. Bd2 Qxd2 21. Rad1
Qxe1+ 22. Rxe1 Nxe1 23. Qa3 Nd3 24. f3 Rd8 25. fxe4 fxe4 26. Nxe4 Nxe4 27. Bxd3
Bb7 28. Qb3 Rd7 29. Qc2 Rad8 30. Be2 Rd2 31. Qb3 Rxe2 32. Kf1 Nd2+ 0-1

[Event "4NCL/Div4/SUTC vs. ATH1"]
[Site "Nottingham ENG"]
[Date "2007.03.24"]
[Round "7.6"]
[White "Aniecko, Colin"]
[Black "Lawrence, Roy"]
[Result "0-1"]
[WhiteElo "1800"]
[BlackElo "1820"]
[PlyCount "66"]
[EventDate "2007.03.24"]
[EventType "team"]
[EventRounds "11"]
[EventCountry "ENG"]
[WhiteTeam "Athenaeum 1"]
[BlackTeam "Sutton Coldfield"]

1. e4 c5 2. Nf3 d6 3. d4 cxd4 4. Qxd4 Nc6 5. Bb5 Bd7 6. Bxc6 bxc6 7. Nc3 e5 8.
Qd3 Be7 9. Be3 Nf6 10. Rd1 h6 11. O-O O-O 12. Nd2 Bg4 13. f3 Be6 14. Nc4 Bxc4
15. Qxc4 Qd7 16. Bf2 Qb7 17. b3 Rfd8 18. Bg3 d5 19. exd5 cxd5 20. Qe2 d4 21.
Ne4 Nd5 22. Rd3 f5 23. Nf2 f4 24. Qxe5 fxg3 25. hxg3 Ne3 26. Re1 Bf6 27. Qe6+
Kh8 28. Ng4 Re8 29. Qd6 Rad8 30. Qc5 Be7 31. Qh5 Bg5 32. Rxd4 Qb6 33. Rxd8
Nxg4+ 0-1

[Event "4NCL/Div4/PONTY vs. OXF3"]
[Site "Nottingham ENG"]
[Date "2007.03.24"]
[Round "7.1"]
[White "Davies, Peter L"]
[Black "Terry, Sean"]
[Result "1/2-1/2"]
[WhiteElo "2000"]
[BlackElo "2040"]
[PlyCount "152"]
[EventDate "2007.03.24"]
[EventType "team"]
[EventRounds "11"]
[EventCountry "ENG"]
[WhiteTeam "Pontypridd"]
[BlackTeam "Oxford 3"]

1. c4 Nf6 2. Nc3 Nc6 3. g3 e5 4. Bg2 d6 5. d3 g6 6. Nf3 Bg7 7. O-O O-O 8. h3 h6
9. a3 Bd7 10. Rb1 Kh7 11. b4 Nh5 12. e4 Be8 13. b5 Ne7 14. Nh2 Rb8 15. Ne2 c6
16. a4 f5 17. f4 exf4 18. gxf4 Qb6+ 19. Kh1 fxe4 20. dxe4 d5 21. Ba3 Rf7 22.
bxc6 Qxc6 23. cxd5 Qxa4 24. Qxa4 Bxa4 25. Bf3 Bc2 26. Rbc1 Bd3 27. Bxh5 gxh5
28. Rf2 Bxe4+ 29. Nf3 Nxd5 30. Kh2 Nxf4 31. Nxf4 Rxf4 32. Bd6 Rxf3 33. Rxf3
Bxf3 34. Bxb8 a5 35. Kg3 Bc6 36. Bd6 a4 37. Ba3 Be5+ 38. Kh4 Bf4 39. Rc4 Bg5+
40. Kg3 h4+ 41. Kf2 Kg6 42. Bb4 Kf6 43. Ba3 Ke6 44. Rd4 Be7 45. Bxe7 Kxe7 46.
Rd3 b5 47. Ke3 b4 48. Kd4 a3 49. Re3+ Kd6 50. Kc4 a2 51. Re1 Be4 52. Kb3 Bb1
53. Kb2 b3 54. Re3 Bc2 55. Rc3 Kd5 56. Re3 h5 57. Rc3 Kd4 58. Rf3 Bd1 59. Rf8
Ke3 60. Rd8 Bf3 61. Rb8 Bd5 62. Rd8 Kd4 63. Rh8 Bf3 64. Rd8+ Ke5 65. Rb8 Bd5
66. Rf8 Be6 67. Rh8 Kf4 68. Rxh5 Kg3 69. Re5 Bc4 70. Rc5 Be6 71. Rc6 Bd5 72.
Rc5 Bf3 73. Rc3 Kxh3 74. Rxf3+ Kg2 75. Rxb3 h3 76. Rxh3 Kxh3 1/2-1/2

[Event "4NCL/Div4/PONTY vs. OXF3"]
[Site "Nottingham ENG"]
[Date "2007.03.24"]
[Round "7.2"]
[White "Messam-Sparkes, Lateefah"]
[Black "Lobo, Richard"]
[Result "1-0"]
[WhiteElo "1855"]
[BlackElo "1935"]
[PlyCount "79"]
[EventDate "2007.03.24"]
[EventType "team"]
[EventRounds "11"]
[EventCountry "ENG"]
[WhiteTeam "Oxford 3"]
[BlackTeam "Pontypridd"]

1. e4 c5 2. Nf3 d6 3. Bc4 Nf6 4. Nc3 Nc6 5. h3 e6 6. d3 Be7 7. O-O O-O 8. Bf4
d5 9. exd5 exd5 10. Bb3 b6 11. d4 c4 12. Ba4 Na5 13. Ne2 a6 14. c3 Bf5 15. Bc2
Bxc2 16. Qxc2 Re8 17. Rfe1 b5 18. Ng3 Qb6 19. Be5 b4 20. Nf5 Bd8 21. Nd6 Rf8
22. Ng5 h6 23. Bxf6 hxg5 24. Bxd8 Rfxd8 25. Nf5 b3 26. axb3 Nxb3 27. Rad1 g6
28. Nh6+ Kg7 29. Ng4 Re8 30. Re5 Rxe5 31. dxe5 Qc6 32. Ne3 Rd8 33. Qe2 Rd7 34.
Qf3 Kg8 35. Nxd5 Kf8 36. Nf6 Rxd1+ 37. Qxd1 Ke7 38. Qg4 Nc5 39. Qxc4 Kf8 40. b4
1-0

[Event "4NCL/Div4/PONTY vs. OXF3"]
[Site "Nottingham ENG"]
[Date "2007.03.24"]
[Round "7.3"]
[White "St Clair, Allan"]
[Black "Zhang, Marco"]
[Result "1/2-1/2"]
[WhiteElo "1826"]
[BlackElo "1890"]
[PlyCount "129"]
[EventDate "2007.03.24"]
[EventType "team"]
[EventRounds "11"]
[EventCountry "ENG"]
[WhiteTeam "Pontypridd"]
[BlackTeam "Oxford 3"]

1. d4 Nf6 2. Bf4 d6 3. e3 g6 4. Bd3 Bg7 5. Nf3 Bg4 6. h3 Bd7 7. c3 Bc6 8. Qc2
Nbd7 9. Nbd2 Bxf3 10. Nxf3 c5 11. h4 cxd4 12. exd4 Nd5 13. Bg5 h6 14. Bd2 Qb6
15. O-O-O O-O-O 16. Rhe1 e5 17. dxe5 Nxe5 18. Nxe5 dxe5 19. Bc4 Kb8 20. Qb3
Qxb3 21. Bxb3 f5 22. Kc2 b5 23. Bc1 Nb6 24. Bf7 Rxd1 25. Rxd1 Bf6 26. Bxg6 Bxh4
27. g3 Be7 28. Bxf5 h5 29. Rh1 Kc7 30. b3 Nd5 31. Rd1 Nf6 32. Bg5 Rd8 33. Rxd8
Bxd8 34. Kd3 Kd6 35. c4 b4 36. Bg6 e4+ 37. Bxe4 Nxe4 38. Bxd8 Nxf2+ 39. Kd4 Nh1
40. Bh4 Nf2 41. Bg5 Kc6 42. Be7 Nh1 43. Bxb4 Nxg3 44. Be1 Ne2+ 45. Kd3 Nf4+ 46.
Ke4 Ne2 47. Bd2 a6 48. Kf3 Nd4+ 49. Kf4 Ne2+ 50. Kg5 Ng3 51. Be1 Ne4+ 52. Kxh5
Kc5 53. Kg4 Nd6 54. Bf2+ Kc6 55. Kf4 a5 56. Ke5 a4 57. c5 Nb7 58. b4 a3 59. Kd4
Kb5 60. Kc3 Nd8 61. Be1 Ne6 62. Bf2 Nc7 63. Kb3 Na6 64. Be1 Nxc5+ 65. Kxa3
1/2-1/2

[Event "4NCL/Div4/PONTY vs. OXF3"]
[Site "Nottingham ENG"]
[Date "2007.03.24"]
[Round "7.4"]
[White "Henbest, Kevin B"]
[Black "Davis, Ashley"]
[Result "1-0"]
[WhiteElo "1800"]
[BlackElo "1535"]
[PlyCount "53"]
[EventDate "2007.03.24"]
[EventType "team"]
[EventRounds "11"]
[EventCountry "ENG"]
[WhiteTeam "Oxford 3"]
[BlackTeam "Pontypridd"]

1. e4 c5 2. Nf3 Nc6 3. d4 cxd4 4. Nxd4 e6 5. Nb5 d5 6. exd5 exd5 7. Qxd5 Qe7+
8. Be2 Nb4 9. Qc4 Bf5 10. N1a3 Rc8 11. Qf4 Nxc2+ 12. Nxc2 Rxc2 13. O-O Qxe2 14.
Qxf5 Rc5 15. Nd4 Rxf5 16. Nxe2 Bc5 17. Ng3 Re5 18. Bf4 Re6 19. Nf5 Kf8 20. Rad1
Nf6 21. Rd8+ Re8 22. Rfd1 Rxd8 23. Rxd8+ Ne8 24. Rc8 b6 25. a3 a5 26. Kf1 g6
27. Bh6+ 1-0

[Event "4NCL/Div4/PONTY vs. OXF3"]
[Site "Nottingham ENG"]
[Date "2007.03.24"]
[Round "7.5"]
[White "Warden, Peter"]
[Black "McIntosh, Sally"]
[Result "1/2-1/2"]
[WhiteElo "1393"]
[BlackElo "1705"]
[PlyCount "83"]
[EventDate "2007.03.24"]
[EventType "team"]
[EventRounds "11"]
[EventCountry "ENG"]
[WhiteTeam "Pontypridd"]
[BlackTeam "Oxford 3"]

1. e4 d6 2. Nf3 Nf6 3. Nc3 g6 4. Bc4 Bg7 5. h3 O-O 6. O-O c5 7. d3 Nc6 8. Be3
a5 9. a4 Na7 10. Qc1 Bd7 11. d4 Qc8 12. d5 Bxh3 13. Nh2 Bd7 14. f3 Nh5 15. Qe1
Bd4 16. Kf2 Bf6 17. Ke2 Qb8 18. g4 Ng7 19. g5 Bd4 20. Qh4 Bxe3 21. Kxe3 b5 22.
Be2 bxa4 23. Rh1 Qxb2 24. Nf1 Qxc3+ 25. Kf2 Qd4+ 26. Ne3 Nh5 27. f4 Qg7 28.
Bxh5 gxh5 29. Qxh5 Nb5 30. Rag1 Nc3 31. Kf3 Bb5 32. Rg2 Be8 33. Nf5 f6 34. Qh4
fxg5 35. Rxg5 Bg6 36. Nxe7+ Kf7 37. Qg4 Bxe4+ 38. Kg3 Qxg5 39. fxg5 Bxh1 40.
Qe6+ Kg7 41. Qh6+ Kf7 42. Qe6+ 1/2-1/2

[Event "4NCL/Div4/CONQ2 vs. ADD"]
[Site "Nottingham ENG"]
[Date "2007.03.24"]
[Round "7.1"]
[White "Sathiraju, Vijay"]
[Black "Dupré, Paul D"]
[Result "0-1"]
[WhiteElo "1750"]
[BlackElo "2033"]
[PlyCount "74"]
[EventDate "2007.03.24"]
[EventType "team"]
[EventRounds "11"]
[EventCountry "ENG"]
[WhiteTeam "Conquistadors 2"]
[BlackTeam "Addlestone"]

1. d4 Nf6 2. c4 g6 3. Nc3 d5 4. cxd5 Nxd5 5. e4 Nxc3 6. bxc3 Bg7 7. Bc4 c5 8.
Ne2 O-O 9. O-O Nc6 10. Be3 Bg4 11. f3 Na5 12. Bd3 cxd4 13. cxd4 Be6 14. Qa4 a6
15. Rfc1 b5 16. Qb4 Nc4 17. Bf2 Qd7 18. Rab1 Ne5 19. dxe5 Qxd3 20. Nf4 Qd7 21.
Rd1 Qc8 22. Rbc1 Bc4 23. Nd5 Qe6 24. Nc7 Qxe5 25. Nxa8 Rxa8 26. Bd4 Qg5 27.
Bxg7 Kxg7 28. Qc3+ f6 29. a3 h5 30. Kh1 h4 31. Qb4 h3 32. Qxe7+ Kh6 33. g3 Be2
34. f4 Qg4 35. Rf1 Bxf1 36. Rxf1 Qe2 37. Rg1 Qf3+ 0-1

[Event "4NCL/Div4/CONQ2 vs. ADD"]
[Site "Nottingham ENG"]
[Date "2007.03.24"]
[Round "7.3"]
[White "Ryan, Raymond"]
[Black "Albrecht, Theo"]
[Result "0-1"]
[WhiteElo "1565"]
[BlackElo "2025"]
[PlyCount "34"]
[EventDate "2007.03.24"]
[EventType "team"]
[EventRounds "11"]
[EventCountry "ENG"]
[WhiteTeam "Conquistadors 2"]
[BlackTeam "Addlestone"]

1. e4 d6 2. d4 Nf6 3. Nc3 Nbd7 4. Nf3 e5 5. d5 Be7 6. Bd3 O-O 7. O-O Nc5 8. Nh4
Nfxe4 9. Nxe4 Nxd3 10. Qxd3 Bxh4 11. f4 f5 12. Ng5 Bxg5 13. fxg5 f4 14. g6 hxg6
15. Qxg6 Bf5 16. Qh5 Bxc2 17. Rf3 Bd1 0-1

[Event "4NCL/Div4/CONQ2 vs. ADD"]
[Site "Nottingham ENG"]
[Date "2007.03.24"]
[Round "7.4"]
[White "Davda, Rahil"]
[Black "Winchcombe, Neil"]
[Result "1-0"]
[WhiteElo "1855"]
[BlackElo "1630"]
[PlyCount "135"]
[EventDate "2007.03.24"]
[EventType "team"]
[EventRounds "11"]
[EventCountry "ENG"]
[WhiteTeam "Addlestone"]
[BlackTeam "Conquistadors 2"]

1. d4 Nf6 2. c4 d6 3. Nc3 a6 4. e4 Bg4 5. Qb3 b6 6. h3 Bh5 7. Be2 e5 8. d5 Nbd7
9. Bg5 Bxe2 10. Ngxe2 Be7 11. O-O h6 12. Bh4 O-O 13. Qc2 Nc5 14. b4 Ncd7 15. a3
Nh5 16. Bxe7 Qxe7 17. Rad1 Qg5 18. Qd2 Nf4 19. Nxf4 exf4 20. Ne2 Ne5 21. Qxf4
Nxc4 22. Qxg5 hxg5 23. Rc1 Nd2 24. Rfd1 Nxe4 25. Rxc7 Rac8 26. Rdc1 Ra8 27.
R1c6 b5 28. Nc3 Nxc3 29. Rxc3 Rfd8 30. Rf3 f6 31. Re3 Re8 32. Rxe8+ Rxe8 33.
Rc6 Re1+ 34. Kh2 Re2 35. Rxd6 Rxf2 36. Rxa6 Rd2 37. d6 f5 38. Rb6 f4 39. Rxb5
f3 40. Rxg5 f2 41. Rf5 g6 42. Rf3 g5 43. d7 Rxd7 44. Rxf2 Rd3 45. Rf5 g4 46.
Rg5+ Kf7 47. Rxg4 Rxa3 48. Rg3 Ra2 49. Rb3 Ra8 50. b5 Rb8 51. b6 Rb7 52. g4 Kg6
53. Kg3 Kg5 54. h4+ Kg6 55. h5+ Kg5 56. Rb5+ Kf6 57. g5+ Kg7 58. Kg4 Kh7 59.
Kf5 Rf7+ 60. Ke6 Rb7 61. Kd6 Kg8 62. Kc6 Rh7 63. b7 Rxh5 64. b8=Q+ Kg7 65. Qe5+
Kg6 66. Qf6+ Kh7 67. Rb7+ Kg8 68. Qg7# 1-0

[Event "4NCL/Div4/CONQ2 vs. ADD"]
[Site "Nottingham ENG"]
[Date "2007.03.24"]
[Round "7.5"]
[White "Foster, Caroline"]
[Black "Klein, Cornelia"]
[Result "0-1"]
[WhiteElo "1490"]
[BlackElo "1881"]
[PlyCount "70"]
[EventDate "2007.03.24"]
[EventType "team"]
[EventRounds "11"]
[EventCountry "ENG"]
[WhiteTeam "Conquistadors 2"]
[BlackTeam "Addlestone"]

1. d4 Nf6 2. Nf3 e6 3. e3 b6 4. Bd3 Bb7 5. Nbd2 Be7 6. O-O O-O 7. c3 c5 8. e4
cxd4 9. cxd4 d6 10. Re1 h6 11. Nf1 Nc6 12. a3 Rc8 13. Ng3 Nh7 14. Qe2 Ng5 15.
d5 Nxf3+ 16. gxf3 Ne5 17. f4 Nxd3 18. Qxd3 exd5 19. exd5 Re8 20. Kh1 Rc5 21. h3
Rxd5 22. Qf1 Rd1+ 23. Kh2 Rxe1 24. Qxe1 Bf6 25. Qg1 Kh8 26. f5 d5 27. Bf4 Be5
28. Nh5 Bxf4+ 29. Nxf4 Qd6 30. Qg4 d4 31. Qg3 Kh7 32. Rg1 Rg8 33. h4 Be4 34.
Qg4 g6 35. fxg6+ Rxg6 0-1

[Event "4NCL/Div4/BCA vs. GUI5"]
[Site "Nottingham ENG"]
[Date "2007.03.24"]
[Round "7.1"]
[White "Mordue, A Tyson"]
[Black "Eckloff, Colin"]
[Result "1-0"]
[WhiteElo "2297"]
[BlackElo "1940"]
[PlyCount "69"]
[EventDate "2007.03.24"]
[EventType "team"]
[EventRounds "11"]
[EventCountry "ENG"]
[WhiteTeam "Braille C A"]
[BlackTeam "Guildford-ADC 5"]

1. e4 e5 2. Nf3 Nc6 3. Bb5 a6 4. Ba4 Nf6 5. O-O Nxe4 6. d4 b5 7. Bb3 d5 8. dxe5
Be6 9. Qe2 Bc5 10. Be3 O-O 11. Rd1 Qd7 12. c4 bxc4 13. Bxc4 Bxe3 14. Qxe3 Na5
15. Bd3 f5 16. exf6 Nxf6 17. Nc3 Nc6 18. Qc5 h6 19. Rac1 Bg4 20. Be2 Rad8 21.
Nxd5 Nxd5 22. Rxd5 Qe7 23. Qxe7 Nxe7 24. Rxd8 Rxd8 25. Rxc7 Ng6 26. h3 Bf5 27.
Bxa6 Kh8 28. a4 Rd1+ 29. Kh2 Rb1 30. Nd4 Be4 31. f3 Bd5 32. Bd3 Rd1 33. Bxg6
Rxd4 34. Rc8+ Bg8 35. Bf7 1-0

[Event "4NCL/Div4/BCA vs. GUI5"]
[Site "Nottingham ENG"]
[Date "2007.03.24"]
[Round "7.2"]
[White "Shaw, Matthew"]
[Black "Ross, Chris"]
[Result "1/2-1/2"]
[WhiteElo "1920"]
[BlackElo "2135"]
[PlyCount "76"]
[EventDate "2007.03.24"]
[EventType "team"]
[EventRounds "11"]
[EventCountry "ENG"]
[WhiteTeam "Guildford-ADC 5"]
[BlackTeam "Braille C A"]

1. e4 c5 2. Nf3 e6 3. d4 cxd4 4. Nxd4 a6 5. Nc3 b5 6. Bd3 Bb7 7. Be3 Qc7 8. Qd2
Nf6 9. f3 Nc6 10. O-O-O Bb4 11. g4 Ne5 12. g5 Nh5 13. Be2 Bxc3 14. bxc3 Nc4 15.
Bxc4 bxc4 16. Kb1 d5 17. exd5 Bxd5 18. Rhf1 O-O 19. Ka1 e5 20. Nf5 Rfd8 21. Qf2
Rab8 22. Qh4 Bxf3 23. Rb1 Be2 24. Rfe1 Rxb1+ 25. Rxb1 Rd1 26. Qe4 h6 27. Rxd1
Bxd1 28. Qa8+ Kh7 29. gxh6 Bxc2 30. hxg7 Nxg7 31. Nxg7 Kxg7 32. Qe8 Qa5 33. Kb2
Bg6 34. Qe7 Qb5+ 35. Qb4 Qd5 36. Ka3 Qb5 37. Qxb5 axb5 38. Kb4 f5 1/2-1/2

[Event "4NCL/Div4/BCA vs. GUI5"]
[Site "Nottingham ENG"]
[Date "2007.03.24"]
[Round "7.3"]
[White "Hilton, Steve"]
[Black "Gunn, Michael J"]
[Result "1/2-1/2"]
[WhiteElo "2002"]
[BlackElo "1800"]
[PlyCount "84"]
[EventDate "2007.03.24"]
[EventType "team"]
[EventRounds "11"]
[EventCountry "ENG"]
[WhiteTeam "Braille C A"]
[BlackTeam "Guildford-ADC 5"]

1. d4 d5 2. c4 dxc4 3. Nf3 Nf6 4. e3 e6 5. Bxc4 c5 6. O-O Nc6 7. dxc5 Qxd1 8.
Rxd1 Bxc5 9. b3 O-O 10. Bb2 Be7 11. Nbd2 Rd8 12. Rac1 Bd7 13. Bd3 Be8 14. Nc4
Nb4 15. Bb1 Rac8 16. a4 Rxd1+ 17. Rxd1 Bc6 18. Nce5 Bd5 19. Nd2 b6 20. Bd4 Bc5
21. Bxc5 Rxc5 22. e4 Bb7 23. Ndc4 g6 24. f3 Ba6 25. Rd8+ Kg7 26. Nd3 Nxd3 27.
Bxd3 Bxc4 28. Bxc4 Rc7 29. e5 Nd7 30. f4 Nc5 31. Rd4 Nb7 32. Kf2 Na5 33. Ke3
Nxc4+ 34. bxc4 Kf8 35. g4 Ke7 36. h4 Rd7 37. Ke4 Rxd4+ 38. Kxd4 Kd7 39. c5 Kc6
40. cxb6 Kxb6 41. Kc4 h5 42. g5 a5 1/2-1/2

[Event "4NCL/Div4/BCA vs. GUI5"]
[Site "Nottingham ENG"]
[Date "2007.03.24"]
[Round "7.4"]
[White "Hale, Stephanie"]
[Black "Armstrong, William G"]
[Result "0-1"]
[WhiteElo "1625"]
[BlackElo "1957"]
[PlyCount "62"]
[EventDate "2007.03.24"]
[EventType "team"]
[EventRounds "11"]
[EventCountry "ENG"]
[WhiteTeam "Guildford-ADC 5"]
[BlackTeam "Braille C A"]

1. e4 c5 2. Nf3 Nc6 3. Bc4 g6 4. c3 Na5 5. b3 Nxc4 6. bxc4 Bg7 7. O-O b6 8. Qc2
Bb7 9. Re1 Rc8 10. Bb2 Qc7 11. Na3 a6 12. Rad1 h5 13. d4 Nh6 14. dxc5 bxc5 15.
Qa4 Bc6 16. Qc2 Ng4 17. Qe2 f5 18. exf5 Bf6 19. fxg6 Bxf3 20. Qxf3 Qxh2+ 21.
Kf1 O-O 22. Rxd7 Bg7 23. Qd5+ Kh8 24. f3 Qh1+ 25. Ke2 Qxg2+ 26. Kd1 Nf6 27. Qf5
Rcd8 28. Rxd8 Rxd8+ 29. Kc1 Qd2+ 30. Kb1 Qxe1+ 31. Kc2 Qd1# 0-1

[Event "4NCL/Div4/BCA vs. GUI5"]
[Site "Nottingham ENG"]
[Date "2007.03.24"]
[Round "7.5"]
[White "Whitehouse, Guy"]
[Black "Hale, Peter"]
[Result "1-0"]
[WhiteElo "1655"]
[BlackElo "1585"]
[PlyCount "49"]
[EventDate "2007.03.24"]
[EventType "team"]
[EventRounds "11"]
[EventCountry "ENG"]
[WhiteTeam "Braille C A"]
[BlackTeam "Guildford-ADC 5"]

1. d4 e6 2. Nf3 d5 3. e3 Nc6 4. Bd3 Bd6 5. O-O e5 6. dxe5 Nxe5 7. Nxe5 Bxe5 8.
Nd2 Qd6 9. Nf3 Bg4 10. h3 Bh5 11. Be2 Bxf3 12. Bxf3 O-O-O 13. Qd3 d4 14. Qb3
Qa6 15. exd4 Bh2+ 16. Kxh2 Qxf1 17. Qxb7+ Kd7 18. Qc6+ Ke7 19. Bg5+ f6 20. Rxf1
fxg5 21. Qxc7+ Rd7 22. Re1+ Kf6 23. Qxd7 Kg6 24. Qe8+ Kh6 25. Qh5# 1-0

[Event "4NCL/Div4/AMCAH vs. ATH2"]
[Site "Nottingham ENG"]
[Date "2007.03.24"]
[Round "7.1"]
[White "Moore, Andrew"]
[Black "Wilson, David"]
[Result "1-0"]
[WhiteElo "1885"]
[BlackElo "1740"]
[PlyCount "55"]
[EventDate "2007.03.24"]
[EventType "team"]
[EventRounds "11"]
[EventCountry "ENG"]
[WhiteTeam "AMCA Hippos"]
[BlackTeam "Athenaeum 2"]

1. d4 Nf6 2. c4 e6 3. Nc3 Bb4 4. Bg5 Bxc3+ 5. bxc3 b6 6. e4 h6 7. Bxf6 Qxf6 8.
e5 Qe7 9. Nf3 Nc6 10. Bd3 Na5 11. O-O O-O 12. Qe2 Bb7 13. Nd2 c5 14. f4 d6 15.
Ne4 Bxe4 16. Bxe4 Rac8 17. f5 exf5 18. Rxf5 Nc6 19. Qg4 dxe5 20. d5 Na5 21. Rh5
Qd6 22. Bf5 Rce8 23. Re1 Re7 24. Re3 g5 25. Reh3 Kg7 26. Rxg5+ Kh8 27. Rg7 f6
28. Rxh6# 1-0

[Event "4NCL/Div4/AMCAH vs. ATH2"]
[Site "Nottingham ENG"]
[Date "2007.03.24"]
[Round "7.2"]
[White "Sant, Maria"]
[Black "Tunstall, George"]
[Result "0-1"]
[WhiteElo "1420"]
[BlackElo "1810"]
[PlyCount "44"]
[EventDate "2007.03.24"]
[EventType "team"]
[EventRounds "11"]
[EventCountry "ENG"]
[WhiteTeam "Athenaeum 2"]
[BlackTeam "AMCA Hippos"]

1. e4 c5 2. Nc3 Nc6 3. f4 g6 4. Nf3 Bg7 5. Bb5 e6 6. O-O Nge7 7. d3 O-O 8. Qe1
Nd4 9. Qd2 a6 10. Bc4 b5 11. Bb3 d5 12. a3 Bb7 13. f5 exf5 14. exf5 Nexf5 15.
Ne2 Nxf3+ 16. Rxf3 d4 17. Rf1 Ne3 18. Re1 Nxg2 19. Rf1 Ne3 20. Rf2 Qc7 21. Qe1
Qc6 22. Bxe3 Qh1# 0-1

[Event "4NCL/Div4/MONM vs. JUTK"]
[Site "Nottingham ENG"]
[Date "2007.03.25"]
[Round "8.1"]
[White "Sully, David"]
[Black "Cooley, Chris"]
[Result "1/2-1/2"]
[WhiteElo "2135"]
[BlackElo "2255"]
[PlyCount "100"]
[EventDate "2007.03.25"]
[EventType "team"]
[EventRounds "11"]
[EventCountry "ENG"]
[WhiteTeam "Monmouth"]
[BlackTeam "Jutes of Kent"]

1. e4 c6 2. d4 d5 3. exd5 cxd5 4. Bd3 Nc6 5. c3 Nf6 6. Bf4 Qb6 7. Qb3 Qxb3 8.
axb3 Bg4 9. Nd2 e6 10. b4 Nd7 11. b5 Nd8 12. Ngf3 f6 13. O-O Be7 14. Bc7 O-O
15. Rfe1 Kf7 16. Ra2 Re8 17. h3 Bh5 18. Rea1 Rc8 19. Bg3 e5 20. Bf5 Rc7 21.
Bxd7 Rxd7 22. dxe5 Bc5 23. Re1 Rde7 24. Raa1 Bb6 25. exf6 Rxe1+ 26. Rxe1 Rxe1+
27. Nxe1 gxf6 28. Nef3 Ne6 29. Kf1 Bg6 30. Ke2 Nc5 31. Ne1 Na4 32. c4 dxc4 33.
Nxc4 Bd4 34. Nd3 Ke6 35. Nf4+ Kd7 36. Nxg6 hxg6 37. Kd3 Bxb2 38. Nxb2 Nxb2+ 39.
Kc3 Na4+ 40. Kb4 Nb6 41. Bb8 Nc8 42. Kc5 Ke6 43. f4 Nb6 44. Kd4 a6 45. bxa6
bxa6 46. g4 f5 47. Be5 Nc8 48. Bc7 Ne7 49. Kc5 Nd5 50. gxf5+ gxf5 1/2-1/2

[Event "4NCL/Div4/MONM vs. JUTK"]
[Site "Nottingham ENG"]
[Date "2007.03.25"]
[Round "8.2"]
[White "Mack, Andy"]
[Black "Thomas, Joseff"]
[Result "1-0"]
[WhiteElo "2222"]
[BlackElo "2028"]
[PlyCount "63"]
[EventDate "2007.03.25"]
[EventType "team"]
[EventRounds "11"]
[EventCountry "ENG"]
[WhiteTeam "Jutes of Kent"]
[BlackTeam "Monmouth"]

1. e4 e5 2. Nf3 Nc6 3. d4 exd4 4. Nxd4 Nxd4 5. Qxd4 Ne7 6. Nc3 Nc6 7. Qe3 d6 8.
Qg3 Be6 9. Bb5 Qd7 10. O-O O-O-O 11. Nd5 Kb8 12. Qa3 f5 13. Be3 a6 14. Bd3 Ne5
15. b4 Qf7 16. Nf4 Bc4 17. exf5 Bxd3 18. Nxd3 Nc4 19. Qb3 d5 20. b5 a5 21. b6
c6 22. Bf4+ Bd6 23. Bxd6+ Rxd6 24. Nc5 Qxf5 25. Rfe1 Rg6 26. Re7 Nd6 27. Rae1
Rf8 28. Nd7+ Kc8 29. Nxf8 Qxf8 30. Qh3+ Kb8 31. Qd7 Qf3 32. Re8+ 1-0

[Event "4NCL/Div4/MONM vs. JUTK"]
[Site "Nottingham ENG"]
[Date "2007.03.25"]
[Round "8.3"]
[White "Waterfield, John"]
[Black "Naylor, John"]
[Result "0-1"]
[WhiteElo "2039"]
[BlackElo "2219"]
[PlyCount "50"]
[EventDate "2007.03.25"]
[EventType "team"]
[EventRounds "11"]
[EventCountry "ENG"]
[WhiteTeam "Monmouth"]
[BlackTeam "Jutes of Kent"]

1. e4 e5 2. f4 exf4 3. Nc3 Qh4+ 4. Ke2 d5 5. Nxd5 Bg4+ 6. Nf3 Bd6 7. d4 Nf6 8.
Nxf6+ gxf6 9. Qd3 Nc6 10. Bd2 O-O-O 11. c3 Rhe8 12. Be1 Qh5 13. Kd2 f5 14. exf5
Re3 15. Qc4 Bxf3 16. gxf3 Be5 17. Rd1 Qxf3 18. Rg1 Bxd4 19. cxd4 Rxd4+ 20. Qxd4
Nxd4 21. Kc1 Qc6+ 22. Bc3 Rxc3+ 23. bxc3 Qxc3+ 24. Kb1 Qc2+ 25. Ka1 Qxd1+ 0-1

[Event "4NCL/Div4/MONM vs. JUTK"]
[Site "Nottingham ENG"]
[Date "2007.03.25"]
[Round "8.4"]
[White "Harakis, Alexis"]
[Black "Thomas, Kevin"]
[Result "1-0"]
[WhiteElo "2172"]
[BlackElo "1980"]
[PlyCount "67"]
[EventDate "2007.03.25"]
[EventType "team"]
[EventRounds "11"]
[EventCountry "ENG"]
[WhiteTeam "Jutes of Kent"]
[BlackTeam "Monmouth"]

1. d4 Nf6 2. c4 g6 3. Nc3 Bg7 4. e4 d6 5. f3 O-O 6. Nge2 c5 7. d5 b5 8. Nxb5
Nbd7 9. Ng3 Rb8 10. Be2 h5 11. O-O h4 12. Nh1 a6 13. Nc3 Nh7 14. Nf2 Bd4 15.
Kh1 Kg7 16. Ng4 Rh8 17. Qc2 Nhf6 18. Nxf6 Nxf6 19. Bd3 Nh5 20. Rf2 Bxf2 21.
Qxf2 Nf6 22. b3 Nd7 23. f4 f6 24. Bb2 Bb7 25. Re1 Qc7 26. Bb1 Rbf8 27. Qc2 Rh6
28. Nd1 Bc8 29. Ne3 Nb6 30. Kg1 Rf7 31. e5 dxe5 32. fxe5 fxe5 33. Ng4 Bf5 34.
Qd2 1-0

[Event "4NCL/Div4/MONM vs. JUTK"]
[Site "Nottingham ENG"]
[Date "2007.03.25"]
[Round "8.5"]
[White "Davis, Lee"]
[Black "Rice, Chris"]
[Result "1-0"]
[WhiteElo "2015"]
[BlackElo "2110"]
[PlyCount "65"]
[EventDate "2007.03.25"]
[EventType "team"]
[EventRounds "11"]
[EventCountry "ENG"]
[WhiteTeam "Monmouth"]
[BlackTeam "Jutes of Kent"]

1. d4 Nf6 2. g3 g6 3. Bg2 Bg7 4. Nf3 O-O 5. O-O d6 6. c4 Nbd7 7. Nc3 e5 8. e4
c6 9. h3 Qe8 10. Re1 h6 11. Be3 Nh5 12. c5 exd4 13. Nxd4 Nxc5 14. g4 Nf6 15. e5
dxe5 16. Nxc6 Ncd7 17. Nxa7 Qe7 18. Nab5 Nc5 19. Rc1 Ne6 20. Qd6 Re8 21. Red1
Kh7 22. a4 e4 23. b3 Bd7 24. Qxe7 Rxe7 25. Nd6 Bc6 26. Ndxe4 Nxe4 27. Nxe4 Nc7
28. Nd6 Bxg2 29. Kxg2 Ne6 30. Nc8 Re8 31. Nb6 Rad8 32. Nd5 Rd7 33. Nf6+ 1-0

[Event "4NCL/Div4/MONM vs. JUTK"]
[Site "Nottingham ENG"]
[Date "2007.03.25"]
[Round "8.6"]
[White "Donovan, Nigel"]
[Black "Thomas, Jac"]
[Result "0-1"]
[WhiteElo "2109"]
[BlackElo "1932"]
[PlyCount "72"]
[EventDate "2007.03.25"]
[EventType "team"]
[EventRounds "11"]
[EventCountry "ENG"]
[WhiteTeam "Jutes of Kent"]
[BlackTeam "Monmouth"]

1. e4 d6 2. d4 Nf6 3. Nc3 g6 4. f4 Bg7 5. Nf3 O-O 6. Bd3 Nbd7 7. e5 Ne8 8. Ng5
dxe5 9. dxe5 Nc5 10. Be3 Nxd3+ 11. cxd3 c6 12. d4 Nc7 13. O-O Nd5 14. Nxd5 Qxd5
15. Qf3 Qb5 16. Qg3 Qxb2 17. Qh4 h6 18. Ne4 Bf5 19. Ng3 e6 20. Nxf5 gxf5 21.
Rab1 Qxa2 22. Rxb7 a5 23. h3 Rab8 24. Qe7 Qe2 25. Rf3 Rxb7 26. Qxb7 Qb5 27. Qa7
Rb8 28. Rg3 Qb4 29. Kh2 Rf8 30. Qa6 Qb5 31. Qa7 Kh7 32. Rf3 h5 33. Rf2 h4 34.
Ra2 Qb3 35. Re2 a4 36. Bc1 Qd1 0-1